|
|
|
|
| LEADER |
03840nam a22005535i 4500 |
| 001 |
978-3-319-24301-6 |
| 003 |
DE-He213 |
| 005 |
20160225021025.0 |
| 007 |
cr nn 008mamaa |
| 008 |
151027s2016 gw | s |||| 0|eng d |
| 020 |
|
|
|a 9783319243016
|9 978-3-319-24301-6
|
| 024 |
7 |
|
|a 10.1007/978-3-319-24301-6
|2 doi
|
| 040 |
|
|
|d GrThAP
|
| 050 |
|
4 |
|a HD38.5
|
| 072 |
|
7 |
|a KJMV8
|2 bicssc
|
| 072 |
|
7 |
|a BUS087000
|2 bisacsh
|
| 082 |
0 |
4 |
|a 658.7
|2 23
|
| 100 |
1 |
|
|a Chernov, Dmitry.
|e author.
|
| 245 |
1 |
0 |
|a Man-made Catastrophes and Risk Information Concealment
|h [electronic resource] :
|b Case Studies of Major Disasters and Human Fallibility /
|c by Dmitry Chernov, Didier Sornette.
|
| 250 |
|
|
|a 1st ed. 2016.
|
| 264 |
|
1 |
|a Cham :
|b Springer International Publishing :
|b Imprint: Springer,
|c 2016.
|
| 300 |
|
|
|a XV, 342 p. 25 illus.
|b online resource.
|
| 336 |
|
|
|a text
|b txt
|2 rdacontent
|
| 337 |
|
|
|a computer
|b c
|2 rdamedia
|
| 338 |
|
|
|a online resource
|b cr
|2 rdacarrier
|
| 347 |
|
|
|a text file
|b PDF
|2 rda
|
| 505 |
0 |
|
|a Preface -- Setting the landscape -- Examples of risk information concealment practice -- Causes of risk information concealment -- Major on-going cases with information concealment practice -- Succesful risk information management.
|
| 520 |
|
|
|a This book discusses the risks of information concealment in the context of major natural or industrial disasters – offering detailed descriptions and analyses of some 25 historical cases (Three Mile Island nuclear accident, Bhopal disaster, Challenger Space Shuttle explosion, Chernobyl nuclear disaster, Deepwater Horizon oil spill, Fukushima-Daiichi nuclear disaster, Enron’s bankruptcy, Subprime mortgage crisis, Worldwide Spanish flu and SARS outbreaks, etc.) and applying these insights to selected on-going cases where such information concealment is suspected. Some successful examples of preventive anti-concealment practice are also presented. In the book, the term ‘concealment’ is used to represent the two distinct behaviors uncovered in the investigations: (i) facts and information about an organization and its functioning being hidden from those that need them – here the concealment can be due to various factors, such as complexity and miscommunication, to name but two – and (ii) the conscious and deliberate action of keeping important information secret or misrepresenting it. This second meaning makes up a surprisingly important part of the evidence presented. Accordingly, emphasis has been put on this second aspect and the approach is more pragmatic than academic, remaining focused on evidence-based practical and useful factors. It raises awareness and provides valuable lessons for decision- makers, risk specialists and responsible citizens alike. This work is also intended as a fact-based reference work for future academic and scholarly investigations on the roots of the problem, in particular regarding any psychological or sociological modeling of human fallibility. .
|
| 650 |
|
0 |
|a Business.
|
| 650 |
|
0 |
|a Business logistics.
|
| 650 |
|
0 |
|a Business ethics.
|
| 650 |
|
0 |
|a Quality control.
|
| 650 |
|
0 |
|a Reliability.
|
| 650 |
|
0 |
|a Industrial safety.
|
| 650 |
|
0 |
|a Pollution prevention.
|
| 650 |
|
0 |
|a Environmental economics.
|
| 650 |
1 |
4 |
|a Business and Management.
|
| 650 |
2 |
4 |
|a Supply Chain Management.
|
| 650 |
2 |
4 |
|a Industrial Pollution Prevention.
|
| 650 |
2 |
4 |
|a Quality Control, Reliability, Safety and Risk.
|
| 650 |
2 |
4 |
|a Business Ethics.
|
| 650 |
2 |
4 |
|a Environmental Economics.
|
| 700 |
1 |
|
|a Sornette, Didier.
|e author.
|
| 710 |
2 |
|
|a SpringerLink (Online service)
|
| 773 |
0 |
|
|t Springer eBooks
|
| 776 |
0 |
8 |
|i Printed edition:
|z 9783319242996
|
| 856 |
4 |
0 |
|u http://dx.doi.org/10.1007/978-3-319-24301-6
|z Full Text via HEAL-Link
|
| 912 |
|
|
|a ZDB-2-BUM
|
| 950 |
|
|
|a Business and Management (Springer-41169)
|